000 00665nam a22002177a 4500
005 20240305102656.0
008 240305b ||||| |||| 00| 0 eng d
040 _cAL
041 _aeng
082 _223
_a331.2
_bSOCI
100 _aJoseph Prakash Dsouza
_9152813
245 _aSocio Economic Status of Cashew Workers:
_bWith Reference to Mythri Cashew Industries
260 _aMangalore
_bSt Aloysious College
_c1994
300 _a70p.
_bHB
_c29x22cm.
365 _2Management
650 _aProject Report
_9152814
650 _aCaste Discreation
_9152815
650 _aWage Structure
_9152816
700 _aDSOUZA (Joseph Prakash)
_9152817
942 _2ddc
_cDB
999 _c230021
_d230021